00927nas a2200265 4500001001300000003000900013005001700022007000300039008003400042040005400076041000900130072000800139100001800147100002100165100001500186100001800201100003100219245017200250650001100422650002000433650002700453650002500480773008500505856007100590BR2018002441BR-BrBNA20231205131458.0ta230509b bl.|||p| |||| 00| 00por d aBR-BrBNAbporcBiblioteca Nacional de Agricultura a(En) aH101 aHoshino, A.T.1 aBortolotto, O.C.1 aHata, F.T.1 aVentura, M.U.1 aMenezes Júnior, A. de O.1 aEffect of pigeon pea intercropping or shading with leucaena plants on the occurrence of the coffee leaf miner and on its predation by wasps in organic coffee plantings aCAFÉ aPRAGA DE PLANTA aAGRICULTURA ORGÂNICA aCONTROLE BIOLÓGICO0 tCiência Rural (Brazil)xISSN 1678-4596 g(2018), v. 48(3) p. 1-7wBR201800244140uhttp://www.scielo.br/pdf/cr/v48n3/1678-4596-cr-48-03-e20160863.pdf